Monuments se faisant peindre - Statistiques

Statistiques générales
  • Ce quiz a été pris 3 329 fois
  • Le résultat moyen est 7 sur 10
Réponses sur la Carte
Les réponses sont colorées sur une échelle allant du rouge au vert en fonction du pourcentage des utilisateurs qui les ont devinées à leur premier essai. Vous pouvez retrouver ces pourcentages ci-dessous.
 
Statistiques - réponses
Réponse % Correct
Statue de la Liberté
99%
Colisée
95%
Taj Mahal
91%
Louvre
87%
Mont Fuji
77%
Machu Picchu
71%
London Eye
64%
Kilimandjaro
58%
Chichen Itza
35%
Uluru
26%
Aucun quiz correspondant
Distribution des résultats
% des personnes avec chaque résultat
Percentile par nombre de réponses
Votre historique - résultats
Vous n’avez pas pris ce quiz